header

Candida and candidiasis (Record no. 97717)

MARC details
000 -LEADER
fixed length control field 01297nam a2200349Ia 4500
082 04 - DEWEY DECIMAL CLASSIFICATION NUMBER
Classification number 616.9/693
245 00 - TITLE STATEMENT
Title Candida and candidiasis
250 ## - EDITION STATEMENT
Edition statement 2nd ed.
260 ## - PUBLICATION, DISTRIBUTION, ETC. (IMPRINT)
Place of publication Washington, DC :
Name of publisher ASM Press,
Year of publication c2012.
300 ## - PHYSICAL DESCRIPTION
Number of Pages xii, vii, 524 p. :
Other physical details ill. (some col.)
650 #0 - SUBJECT ADDED ENTRY--TOPICAL TERM
Topical Term Candidiasis.
Topical Term Candida.
700 1# - ADDED ENTRY--PERSONAL NAME
Personal name Calderone, Richard A.,
Personal name Clancy, Cornelius J.
856 40 - ELECTRONIC LOCATION AND ACCESS
Uniform Resource Identifier http://site.ebrary.com/lib/rucke/Doc?id=10607273

No items available.

© 2026 Rongo University
Contact us: librarian | system librarian | Rongo university